| 000 | 00403nam a2200157 4500 | ||
|---|---|---|---|
| 003 | SEACOMEC | ||
| 005 | 20240515154445.0 | ||
| 008 | 240515b |||||||| |||| 00| 0 eng d | ||
| 020 | _cRs.95.00 | ||
| 040 | _aSEACOMEC | ||
| 082 |
_a005.13 _bM217 |
||
| 100 | _aMaidasani,Dinesh | ||
| 245 | 1 |
_aStraight to the Point -Visual Basic 2005 _c Dinesh Maidasani |
|
| 650 | _aProgramming Language | ||
| 942 | _cBOOK | ||
| 999 |
_c1110 _d1110 |
||